000
00252nam a2200109Ia 4500
008
200302s9999 xx 000 0 und d
100
_a
Core Vidal & Other
245
_a
Vidal in Venice
260
_b
Summit Books Ltd.
260
_c
1985
300
_a
160 P.,
999
_c
2299
_d
2299